000 00310nam a22001337a 4500
008 170622b xxu||||| |||| 00| 0 eng d
020 _a9780922914302
041 _aeng
080 _23RD
_a32
100 _a20
101 _aSHP
245 _aRESEARCH METHODS IN POLITICAL SCIENCE
_cCORBETT,M
942 _2udc
_cBK
999 _c18603
_d18603